Automobilový priemysel v regióne prekvitá

Predaj osobných a ľahkých automobilov v strednej a východnej Európe. Západoeurópsky a východoeurópsky priemer počtu automobilov na 1000 obyvateľov. Najväčší zahraniční investori v transformujúcich sa krajinách. Automobilový priemysel a trh s automobilmi v Maďarsku, Poľsku a Rusku. Objem vyrobených a...

Description complète

Enregistré dans:
Détails bibliographiques
Auteur principal: Gregorová, Monika
Format: Chapitre de livre
Langue:slovaque
Sujets:
Tags: Ajouter un tag
Pas de tags, Soyez le premier à ajouter un tag!

MARC

LEADER 00000naa a2200000 4500
001 r034381
005 20230824100256.5
041 0 |a slo 
044 |a SK 
245 1 0 |a Automobilový priemysel v regióne prekvitá  |c Monika Gregorová 
520 |a Predaj osobných a ľahkých automobilov v strednej a východnej Európe. Západoeurópsky a východoeurópsky priemer počtu automobilov na 1000 obyvateľov. Najväčší zahraniční investori v transformujúcich sa krajinách. Automobilový priemysel a trh s automobilmi v Maďarsku, Poľsku a Rusku. Objem vyrobených a novoregistrovaných osobných áut vo východnej Európe za posledné roky. 
610 2 0 |a priemysel automobilový 
610 2 0 |a automobily osobné 
610 2 0 |a výroba 
610 2 0 |a východná Európa 
610 2 0 |a SVE 
610 2 0 |a Maďarsko 
610 2 0 |a Poľsko 
610 2 0 |a Rusko 
610 2 0 |a investori 
100 1 |a Gregorová, Monika